[Event "Sulmatogrossenses-ch"]
[Site "Campo Grande"]
[Date "2016.12.??"]
[Round "1"]
[White "Duailibe, Ricardo Miguel"]
[Black "De Souza, Fabio Barbosa"]
[Result "1-0"]
[WhiteElo "1919"]
[BlackElo "1618"]
[PlyCount "53"]
[EventDate "2016.12.16"]
[EventType "tourn"]
[EventRounds "7"]
[EventCountry "BRA"]
[SourceTitle "EXT 2022"]
[Source "ChessBase"]
[SourceDate "2021.10.06"]
[SourceVersion "1"]
[SourceVersionDate "2021.10.06"]
[SourceQuality "1"]

1. e4 e5 2. Nf3 Nc6 3. Bc4 Nf6 4. d3 Bc5 5. b4 Bxb4+ 6. c3 Bc5 7. d4 exd4 8. e5 d5 9. Bb5 Ne4 10. cxd4 Bb4+ 11. Bd2 Bxd2+ 12. Nbxd2 Bg4 13. Qc2 Qd7 14. Nxe4 Bf5 15. Rc1 Bxe4 16. Bxc6 Qxc6 17. Qxc6+ bxc6 18. Rxc6 Kd7 19. Rc3 Rab8 20. Nd2 Rb4 21. Nb3 Rhb8 22. Kd2 Rc4 23. Rxc4 dxc4 24. Nc5+ Kc6 25. Nxe4 Rb7 26. Ke3 Rb2 27. Rc1 1-0

[Event "Campo Grande Clube Capablanca 31 Anos"]
[Site "Campo Grande"]
[Date "2016.07.09"]
[Round "4.4"]
[White "De Souza, Fabio Barbosa"]
[Black "Roman, Josemar Cespedes"]
[Result "0-1"]
[WhiteElo "1688"]
[BlackElo "1847"]
[PlyCount "20"]
[EventDate "2016.07.08"]
[EventType "swiss"]
[EventRounds "5"]
[EventCountry "BRA"]
[SourceTitle "EXT 2022"]
[Source "ChessBase"]
[SourceDate "2021.10.06"]
[SourceVersion "1"]
[SourceVersionDate "2021.10.06"]
[SourceQuality "1"]

1. d4 Nf6 2. c4 e5 3. dxe5 Ng4 4. Qd4 d6 5. exd6 Bxd6 6. h3 Bb4+ 7. Qd2 Bxd2+ 8. Nxd2 Ne5 9. e3 Nd3+ 10. Bxd3 Qxd3 0-1

[Event "Campo Grande Circuito Estadual"]
[Site "Campo Grande"]
[Date "2015.09.13"]
[Round "5.6"]
[White "Ostemberg, Jorge Aparecido Rod"]
[Black "De Souza, Fabio Barbosa"]
[Result "1-0"]
[WhiteElo "1800"]
[BlackElo "1800"]
[PlyCount "38"]
[EventDate "2015.09.12"]
[EventType "swiss"]
[EventRounds "5"]
[EventCountry "BRA"]
[SourceTitle "EXT 2022"]
[Source "ChessBase"]
[SourceDate "2021.10.06"]
[SourceVersion "1"]
[SourceVersionDate "2021.10.06"]
[SourceQuality "1"]

1. e4 e5 2. Nf3 Nc6 3. d4 f6 4. d5 Na5 5. Bd2 c6 6. c4 Bc5 7. b4 Bb6 8. c5 Bc7 9. d6 Bxd6 10. cxd6 Nh6 11. Bxh6 gxh6 12. bxa5 Qxa5+ 13. Nbd2 Qc5 14. Nc4 b5 15. Ne3 Qc3+ 16. Nd2 Qc5 17. Nf5 Kf7 18. Be2 Ke6 19. Qb3+ Qd5 1-0

[Event "Campo Grande Sul Mato op"]
[Site "Campo Grande"]
[Date "2015.09.07"]
[Round "5"]
[White "Goncalves, Valdecy Rezende"]
[Black "De Souza, Fabio Barbosa"]
[Result "1-0"]
[WhiteElo "1815"]
[BlackElo "1800"]
[PlyCount "115"]
[EventDate "2015.09.05"]
[EventType "swiss"]
[EventRounds "6"]
[EventCountry "BRA"]
[SourceTitle "EXT 2016"]
[Source "ChessBase"]
[SourceDate "2015.10.08"]
[SourceVersion "1"]
[SourceVersionDate "2015.10.08"]
[SourceQuality "1"]

1. e4 e6 2. Nf3 d5 3. e5 Nc6 4. d4 g6 5. c3 Bg7 6. Bd3 f6 7. 0-0 fxe5 8. dxe5 Nxe5 9. Nxe5 Bxe5 10. Re1 Bg7 11. Na3 Nf6 12. Bg5 0-0 13. Nc2 c5 14. Ne3 Qb6 15. Rb1 h6 16. Bh4 d4 17. Nc4 Qc6 18. Ne5 Qd5 19. Nxg6 Rf7 20. Qe2 Bd7 21. Ne5 Bc6 22. Nxc6 bxc6 23. Bc4 Qd6 24. Bxe6 Re8 25. Bxf7+ Kxf7 26. Qc4+ Kf8 27. Bg3 Qd5 28. Rxe8+ Nxe8 29. Qxd5 cxd5 30. cxd4 Bxd4 31. b3 Nf6 32. Bd6+ Kf7 33. Rc1 Ne4 34. Bg3 Ke6 35. Kf1 Nd2+ 36. Ke2 Ne4 37. Bh4 Nc3+ 38. Rxc3 Bxc3 39. Kd3 Be5 40. h3 a5 41. Bd8 a4 42. bxa4 c4+ 43. Kc2 d4 44. Ba5 d3+ 45. Kd1 c3 46. Bb6 Bf4 47. Be3 Bxe3 48. fxe3 c2+ 49. Kd2 Ke5 50. a5 Kd5 51. e4+ Kxe4 52. a6 c1Q+ 53. Kxc1 Ke3 54. Kd1 Kf2 55. a7 Kxg2 56. a8Q+ Kxh3 57. Qh1+ Kg3 58. Qxh6 1-0